01063nam a22002657a 4500003000500000005001700005008004100022010001100063011001100074035001100085040000900096100004500105245017800150260004000328500006000368502016200428650002400590650001900614650001900633650001800652650001200670700003500682856006400717856001600781CHAP20220329143751.0110729d2011 mx r 00010 spa d a101654 a102626 a113315 cCHAP1 aCervantes Rogríguez, Claudia Graciela.10aEtanol a partir de agave como una alternativa viable de biocombustibles en Méxicoh[En línea]c/por Claudia Graciela Cervantes Rodríguez y José Ramón Ojeda Ledesma aChapingo, Méx. :bEl autor,c2011 aPara ver el contenido del material haga clic en la liga aTesis (Lic. en Comercio Internacional de productos Agropecuarios ; Lic. en Economía Agrícola) -- UACH. División de Ciencias Económico Administrativas14aAgavexComposicion.14aAgavexMexico.14aBiocarburante.14aCombustibles.14aEtanol.1 aOjeda Ledesma, José Ramón. 3Finding aiduhttp://10.13.5.2/tesis/113315.pdfzTeclea aqui a1 n0001534